Name that fish - Statistics

General Stats
  • This quiz has been taken 899 times
  • The average score is 5 of 8
Answer Stats
Hint Answer % Correct
Fish with whiskers Catfish
95%
A fish with a sword Swordfish
93%
Fish that looks like snake Eel
90%
Orange striped fish Clown Fish
83%
Fish with wings Flying fish
81%
Cat's favorite treat Tuna
66%
Tropical fighting fish Beta
32%
Common in Vt Brook trout
4%
No matching quizzes found
Score Distribution
Percent of People with Each Score
Percentile by Number Answered
Your Score History
You have not taken this quiz